(Khmer) 50 wonders of the world / (Record no. 49190)
| 000 -LEADER | |
|---|---|
| fixed length control field | 00316nam a2200109 4500 |
| 020 ## - INTERNATIONAL STANDARD BOOK NUMBER | |
| International Standard Book Number | 9789996309724 |
| 245 ## - TITLE STATEMENT | |
| Title | (Khmer) 50 wonders of the world / |
| Statement of responsibility, etc | Kim Halida. |
| 260 ## - PUBLICATION, DISTRIBUTION, ETC. (IMPRINT) | |
| Place of publication, distribution, etc | Cambodia: |
| Name of publisher, distributor, etc | Mind books; |
| Date of publication, distribution, etc | 2023. |
| 300 ## - PHYSICAL DESCRIPTION | |
| Extent | 119 p. |
| Other physical details | col. ill. |
| Dimensions | 20 cm. |
| 650 ## - SUBJECT ADDED ENTRY--TOPICAL TERM | |
| Topical term or geographic name as entry element | Historical buildings. |
| 9 (RLIN) | 86489 |
| 942 ## - ADDED ENTRY ELEMENTS (KOHA) | |
| Source of classification or shelving scheme | |
| Koha item type | Khmer NON FIC Books |
| Withdrawn status | Lost status | Source of classification or shelving scheme | Damaged status | Not for loan | Collection code | Home library | Current library | Shelving location | Date acquired | Total Checkouts | Full call number | Barcode | Checked out | Date last seen | Date checked out | Price effective from | Koha item type |
|---|---|---|---|---|---|---|---|---|---|---|---|---|---|---|---|---|---|
| Siem Riep | Asian Hope Secondary Library | Asian Hope Secondary Library | 08/08/2025 | 3 | KHMER 720.9 KIM | 208725 | 04/28/2026 | 04/21/2026 | 04/21/2026 | 08/08/2025 | Khmer NON FIC Books |